|
|
|
|
| LEADER |
01062nam a2200241 a 4500 |
| 001 |
GR-Patra25054 |
| 008 |
080407s2004 gr g 000 0 eng d |
| 020 |
|
|
|a 0131425013
|
| 040 |
|
|
|a GrPaTEI
|b gre
|c GR-PaULI
|
| 040 |
|
|
|a GrPaTEI
|b gre
|c GR-PaULI
|
| 082 |
|
0 |
|a 658.403
|2 21
|
| 100 |
1 |
|
|a Robbins, Stephen P.,
|d 1943-
|
| 245 |
1 |
0 |
|a Decide and conquer :
|b make winning desicions and take control of your life /
|c Stephen P. Robbins.
|
| 260 |
|
|
|a New Jersey :
|b Prentice Hall,
|c c2004
|
| 300 |
|
|
|a xxiii, 190 σ.
|
| 504 |
|
|
|a Bibliography: p. 171-190
|
| 610 |
2 |
4 |
|a Παράρτημα Αμαλιάδος.
|b Τμήμα Εφαρμογών Πληροφορικής στη Διοίκηση και την Οικονομία
|
| 650 |
|
0 |
|a Decision making
|
| 650 |
|
4 |
|a Λήψη αποφάσεων
|
| 942 |
|
|
|2 ddc
|
| 952 |
|
|
|0 0
|1 0
|2 ddc
|4 0
|6 658_403000000000000_ROB
|7 1
|9 306486
|a LISK
|b LISK
|c BSC
|d 2021-01-17
|e 24
|f 0
|g 0.00
|l 0
|o 658.403 ROB
|p 92410038659
|r 2021-01-17 00:00:00
|t 1
|w 2021-01-17
|y BKN
|x 20080407 0 0
|x GrPaTEI
|
| 971 |
|
|
|a .b26726269
|b 15-04-20
|c 26-09-16
|
| 999 |
|
|
|c 177099
|d 177099
|